Industrial participation
Сохранить в:
| Главный автор: | |
|---|---|
| Формат: | |
| Язык: | Undetermined |
| Опубликовано: |
London
McGraw-Hill
1977
|
| Предметы: | |
| Метки: |
Добавить метку
Нет меток, Требуется 1-ая метка записи!
|
| Thư viện lưu trữ: | Trung tâm Học liệu Trường Đại học Cần Thơ |
|---|
| LEADER | 00455nam a2200181Ia 4500 | ||
|---|---|---|---|
| 001 | CTU_78858 | ||
| 008 | 210402s9999 xx 000 0 und d | ||
| 082 | |a 658.31 | ||
| 082 | |b S642 | ||
| 100 | |a Smith, Cyril | ||
| 245 | 0 | |a Industrial participation | |
| 245 | 0 | |c Cyril Smith | |
| 260 | |a London | ||
| 260 | |b McGraw-Hill | ||
| 260 | |c 1977 | ||
| 650 | |a Management | ||
| 650 | |z Great Britain | ||
| 980 | |a Trung tâm Học liệu Trường Đại học Cần Thơ | ||